Concerned theatre Japan

Literature on Japanese theatre and culture. Modern and PreModern theatre,. plays, Songs, poetry, and stage settings

Saved in:
Bibliographic Details
Format: Book
Language:Undetermined
Published: Tokyo Concerned theatre Japan 1970
Subjects:
Tags: Add Tag
No Tags, Be the first to tag this record!
Institutions: Trung tâm Học liệu Trường Đại học Cần Thơ
LEADER 00606nam a2200193Ia 4500
001 CTU_107813
008 210402s9999 xx 000 0 und d
082 |a 792.0952 
082 |b C744 
245 0 |a Concerned theatre Japan 
260 |a Tokyo 
260 |b Concerned theatre Japan 
260 |c 1970 
520 |a Literature on Japanese theatre and culture. Modern and PreModern theatre,. plays, Songs, poetry, and stage settings 
650 |a Theater,Japanese drama 
650 |y 20th century 
650 |z Japan 
904 |i Bạch Trúc 
980 |a Trung tâm Học liệu Trường Đại học Cần Thơ